00765nam a22002057a 450000500170000001000150001702000260003203500140005803700130007208200110008524500380009625000060013426000310014027000830017130000200025450000800027494200250035499900190037995201610039820251022115520.0 aENG-146974 a9789349015609c750.00 aEN-130506 bDBAD/PUB a342.07 aUniversal Landmark Judgments 2025 a1 aGurgaonbLexis Nexisc2025 a14th Floor, Building No.10, Tower-B, DLF Cyber City, Phase-IIbGurgaone122002 a525p.c24cm(pb) aIncluding Prescribed Cases for Supreme Court Advocate on Record Examination 2ddccENmUNIh342.07 c213660d213660 001040708NFICaRC3ANbRC3ANd2025-10-22eDelivery of Books Act Divisiong750.00l0oUNI 342.07pEN-130506r2025-10-22 00:00:00t1v750.00w2025-10-22yEN